Dettagli MARC
| 000 -LEADER |
| fixed length control field |
03596njm a2200409Ia 4500 |
| 001 - CONTROL NUMBER |
| control field |
C2901 |
| 003 - CONTROL NUMBER IDENTIFIER |
| control field |
IT-RoPAU |
| 005 - DATE AND TIME OF LATEST TRANSACTION |
| control field |
20220918181115.0 |
| 008 - FIXED-LENGTH DATA ELEMENTS--GENERAL INFORMATION |
| fixed length control field |
131025s9999 xx 000 0 und d |
| 040 ## - CATALOGING SOURCE |
| Original cataloging agency |
IT-RoPAU |
| 040 ## - CATALOGING SOURCE |
| Transcribing agency |
IT-RoPAU |
| 999 ## - SYSTEM CONTROL NUMBERS (KOHA) |
| Koha Dewey Subclass [OBSOLETE] |
n.d. |
| 100 ## - MAIN ENTRY--PERSONAL NAME |
| Personal name |
AA.VV. |
| 9 (RLIN) |
794 |
| 100 ## - MAIN ENTRY--PERSONAL NAME |
| Relator term |
Autore musica |
| 9 (RLIN) |
29910 |
| 100 ## - MAIN ENTRY--PERSONAL NAME |
| Miscellaneous information |
Codice autore musica SPICS: 12000 |
| 9 (RLIN) |
796 |
| 245 ## - TITLE STATEMENT |
| Title |
Live In Europe |
| 250 ## - EDITION STATEMENT |
| Edition statement |
2a ed. |
| 260 ## - PUBLICATION, DISTRIBUTION, ETC. (IMPRINT) |
| Place of publication, distribution, etc. |
MILANO |
| 260 ## - PUBLICATION, DISTRIBUTION, ETC. (IMPRINT) |
| Name of publisher, distributor, etc. |
RUSCONI |
| Date of publication, distribution, etc. |
1994 [1a Ed.:1967 - Ed. Lingua Orig.: 1967] |
| 300 ## - PHYSICAL DESCRIPTION |
| Extent |
COMPACT DISC |
| 300 ## - PHYSICAL DESCRIPTION |
| Dimensions |
67 minuti (Testo: 0 pag.) |
| 500 ## - GENERAL NOTE |
| General note |
Musica jazz. Cd fuori commercio allegato al n. 5 1994 della rivista "Musica jazz" |
| 505 ## - FORMATTED CONTENTS NOTE |
| Formatted contents note |
Take the "A" Train (Rotterdam, 28 gennaio 1967) (Ellington Duke) (7:00)] - Johnny Come Lately [(Rotterdam, 28 gennaio 1967) (Ellington Duke) (5:00)] - Swamp Goo (Rotterdam, 28 gennaio 1967) (Ellington Duke) (6:00)] - The Shepherd [(Rotterdam, 28 gennaio 1967) (Ellington Duke) (7:00)] - Chromatic Love Affair [(Rotterdam, 28 gennaio 1967) (Ellington Duke) (5:00)] - Rue Bleu [(Rotterdam, 28 gennaio 1967) (Ellington Duke) (4:00)] - Wild Onions [(Rotterdam, 28 gennaio 1967) (Ellington Duke) (3:00)] - Mara Gold [(Rotterdam, 28 gennaio 1967) (Ellington Duke) (9:00)] - Beautiful Woman Walks Well [(Rotterdam, 28 gennaio 1967) (Ellington Duke) (4:00)] - On the Sunny Side of the Street [(Rotterdam, 28 gennaio 1967) (Fitzgerald Ella) (3:00)] - You've Changed [(Rotterdam, 28 gennaio 1967) (Fitzgerald Ella) (5:00)] - Mack the Knife [(Rotterdam, 28 gennaio 1967) (Fitzgerald Ella) (6:00)] - Cotton Tail [(Rotterdam, 28 gennaio 1967) (Fitzgerald Ella) (5:00)] |
| 511 ## - PARTICIPANT OR PERFORMER NOTE |
| Participant or performer note |
Anderson Cat: tr; Williams Cootie: tr; Jones Herbie: tr; Johnson Money Ellington Mercer: tr; Cooper Buster: trne; Brown Lawrence: trne; Connors Chuck: trne; Hodges Johnny: alto; Procope Russell: alto, cl; Gonsalves Paul: ten; Hamilton Jimmy: ten. cl; Carney Harry: bar, cl, clb; Ellington Duke: p; Lamb John: cb; Jones Rufus: batt; Duke Ellington and His Orchestra |
| 511 ## - PARTICIPANT OR PERFORMER NOTE |
| Participant or performer note |
Anderson Cat: tr; Williams Cootie: tr; Jones Herbie: tr; Johnson Money Ellington Mercer: tr; Cooper Buster: trne; Brown Lawrence: trne; Connors Chuck: trne; Hodges Johnny: alto; Procope Russell: alto, cl; Gonsalves Paul: ten; Hamilton Jimmy: ten, cl; Carney Harry: bar, cl, clb; Jones Jimmy: p; Cranshaw Bob: cb; Woodyard Sam: batt; Fitzgerald Ella: voc; Ella Fitzgerald with Jimmy Jones Trio and Duke Ellington's Orchestra |
| 650 ## - SUBJECT ADDED ENTRY--TOPICAL TERM |
| Topical term or geographic name as entry element |
JAZZ [COMPACT DISC] |
| Relator term |
Codice MATERIA SPICS: 9949 |
| 9 (RLIN) |
11822 |
| 700 ## - ADDED ENTRY--PERSONAL NAME |
| Personal name |
Strayhorn Billy |
| Dates associated with a name |
Codice autore musica SPICS: 16295 |
| Relator term |
Autore musica |
| Name of part/section of a work |
Take the "A" Train - Johnny Come Lately |
| 9 (RLIN) |
29911 |
| 700 ## - ADDED ENTRY--PERSONAL NAME |
| Personal name |
Ellington Duke |
| Dates associated with a name |
Codice autore musica SPICS: 13023 |
| Relator term |
Autore musica |
| Name of part/section of a work |
Swamp Goo - The Shepherd - Chromatic Love Affair - Rue Bleu - Mara Gold - Beautiful Woman Walks Well - Cotton Tail |
| 9 (RLIN) |
29912 |
| 700 ## - ADDED ENTRY--PERSONAL NAME |
| Personal name |
Anderson Cat |
| Dates associated with a name |
Codice autore musica SPICS: 16298 |
| Relator term |
Autore musica |
| Name of part/section of a work |
Wild Onions |
| 9 (RLIN) |
29913 |
| 700 ## - ADDED ENTRY--PERSONAL NAME |
| Personal name |
Fitzgerald Ella |
| Dates associated with a name |
Codice autore musica SPICS: 10784 |
| Relator term |
Autore musica |
| Name of part/section of a work |
On the Sunny Side of the Street |
| 9 (RLIN) |
29914 |
| 700 ## - ADDED ENTRY--PERSONAL NAME |
| Personal name |
McHugh Jimmy |
| Dates associated with a name |
Codice autore SPICS: 16297 |
| Relator term |
Autore |
| Name of part/section of a work |
On the Sunny Side of the Street |
| 9 (RLIN) |
29915 |
| 700 ## - ADDED ENTRY--PERSONAL NAME |
| Personal name |
Carey |
| Dates associated with a name |
Codice autore musica SPICS: 20483 |
| Relator term |
Autore musica |
| Name of part/section of a work |
You've Changed |
| 9 (RLIN) |
29916 |
| 700 ## - ADDED ENTRY--PERSONAL NAME |
| Personal name |
Fischer |
| Dates associated with a name |
Codice autore SPICS: 33152 |
| Relator term |
Autore |
| Name of part/section of a work |
You've Changed |
| 9 (RLIN) |
29917 |
| 700 ## - ADDED ENTRY--PERSONAL NAME |
| Personal name |
Weill Kurt |
| Dates associated with a name |
Codice autore musica SPICS: 11200 |
| Relator term |
Autore musica |
| Name of part/section of a work |
Mack the Knife |
| 9 (RLIN) |
29918 |
| 700 ## - ADDED ENTRY--PERSONAL NAME |
| Personal name |
Brecht Stefan |
| Dates associated with a name |
Codice autore SPICS: 8827 |
| Relator term |
Autore |
| Name of part/section of a work |
Mack the Knife |
| 9 (RLIN) |
29919 |
| 942 ## - ADDED ENTRY ELEMENTS (KOHA) |
| Koha item type |
CD AUDIO |
| Source of classification or shelving scheme |
Dewey Decimal Classification |